000 00575nas a2200217 4500
001 BR9603230
003 BR-BrBNA
005 20231205095249.0
007 ta
008 230509b bl.|||p| |||| 00| 00por d
040 _aBR-BrBNA
_bpor
_cBiblioteca Nacional de Agricultura
041 _a(Pt)
072 _aF01
100 1 _aRego, P.G.
245 1 _aFloricultura
650 _aFloricultura
650 _aProducao Vegetal
773 0 _tRevista Batavo (Brazil)
_x
_g(May 1993), v. 2(19) p. 9
_wBR9603230
909 _a202311
_bLúcia
_c55
_dLúcia Elande
942 _2AGRIS
_n0
_cANA
999 _c149681
_d149681